[Event "15. Bayer Open"]
[Site "Leverkusen"]
[Date "2017.01.09"]
[Round "1.1"]
[White "Rotstein, Jefim"]
[Black "Ziabari, Morteza"]
[Result "1-0"]
[WhiteElo "2241"]
[BlackElo "1813"]
[PlyCount "81"]
[EventDate "2017.??.??"]
[WhiteTeam "SC Tornado Hochneukirch"]
[BlackTeam "Kettwiger SG"]

1. Nf3 d5 2. c4 Nf6 3. cxd5 Nxd5 4. e4 Nb6 5. d4 Bg4 6. Be2 e6 7. Be3 Bb4+ 8.
Nc3 O-O 9. O-O Re8 10. Qb3 Bf8 11. a4 a5 12. Rac1 N8d7 13. Rfd1 c6 14. h3 Bh5
15. d5 exd5 16. exd5 c5 17. d6 c4 18. Qb5 Bxf3 19. Bxf3 Rb8 20. Qxa5 Nc8 21.
Qxd8 Rxd8 22. Nb5 Ne5 23. Bf4 Nxf3+ 24. gxf3 Rd7 25. Rxc4 Nb6 26. Rc7 Rbd8 27.
Rxd7 Rxd7 28. b3 f6 29. a5 Nc8 30. Rc1 Nxd6 31. Rd1 Kf7 32. Bxd6 g6 33. Kf1 Bh6
34. Ke2 Ke6 35. Nc7+ Kf7 36. b4 f5 37. b5 Bg7 38. a6 Bf8 39. axb7 Rd8 40. Bxf8
Rxf8 41. Na6 1-0

[Event "15. Bayer Open"]
[Site "Leverkusen"]
[Date "2017.01.09"]
[Round "1.2"]
[White "Asadzade, Idris"]
[Black "Khanukov, Boris"]
[Result "0-1"]
[WhiteElo "1770"]
[BlackElo "2249"]
[PlyCount "102"]
[EventDate "2017.??.??"]
[WhiteTeam "Königsspringer Leverkusen"]
[BlackTeam "Bahn-SC Wuppertal"]

1. Nf3 Nf6 2. c4 g6 3. g3 Bg7 4. Bg2 d6 5. d4 O-O 6. O-O c6 7. Nc3 Nbd7 8. e4
e5 9. h3 Re8 10. Be3 exd4 11. Nxd4 Nc5 12. Qc2 a5 13. Rfe1 Qe7 14. Rad1 Nfd7
15. f4 Nf8 16. Bf2 Qc7 17. Nb3 Nxb3 18. Qxb3 Be6 19. Qa4 Nd7 20. Bf1 f5 21.
exf5 Bxf5 22. g4 Be6 23. Qc2 Nf6 24. Ne4 Nxe4 25. Rxe4 Bf7 26. Bg2 Rxe4 27.
Bxe4 Re8 28. b3 Qe7 29. Re1 Qf6 30. Qd2 Qc3 31. Qxc3 Bxc3 32. Re2 d5 33. Bd3
Rxe2 34. Bxe2 Bd2 35. Bg3 dxc4 36. Bxc4 Bxc4 37. bxc4 Kf7 38. Kf2 b5 39. cxb5
cxb5 40. Ke2 Bb4 41. Kd3 Bd6 42. Ke4 b4 43. Be1 a4 44. f5 Be7 45. Kd3 b3 46.
axb3 axb3 47. Bc3 Bf6 48. Bxf6 Kxf6 49. Kc3 gxf5 50. gxf5 Kxf5 51. Kxb3 Kg5 0-1

[Event "15. Bayer Open"]
[Site "Leverkusen"]
[Date "2017.01.09"]
[Round "1.3"]
[White "Balduan, Markus"]
[Black "Axmann, Michael"]
[Result "1-0"]
[WhiteElo "2219"]
[BlackElo "1701"]
[PlyCount "49"]
[EventDate "2017.??.??"]
[WhiteTeam "TV Witzhelden"]
[BlackTeam "SC Bayer Leverkusen"]

1. Nf3 d5 2. d4 Nf6 3. c4 c6 4. Nc3 e6 5. cxd5 exd5 6. Qc2 Bd6 7. Bg5 h6 8.
Bxf6 Qxf6 9. Nxd5 Qg6 10. Qxg6 fxg6 11. Nc3 O-O 12. e3 g5 13. Bc4+ Kh8 14. h4
gxh4 15. Nxh4 Bf5 16. Nxf5 Rxf5 17. g4 Rg5 18. Be6 Na6 19. Ne4 Bb4+ 20. Ke2 Rb5
21. Bc4 Rb6 22. a3 Bf8 23. b4 Nc7 24. Nc5 Rd8 25. Na4 1-0

[Event "15. Bayer Open"]
[Site "Leverkusen"]
[Date "2017.01.09"]
[Round "1.4"]
[White "Pyrowicz, Jacek"]
[Black "Marcziter, Dmitrii"]
[Result "0-1"]
[WhiteElo "1726"]
[BlackElo "2254"]
[PlyCount "80"]
[EventDate "2017.??.??"]
[WhiteTeam "SV Wermelskirchen"]
[BlackTeam "DJK Aufwärts Aachen"]

1. Nf3 d5 2. d4 c5 3. c4 e6 4. cxd5 exd5 5. Nc3 Nc6 6. e3 Nf6 7. Bd3 Bd6 8. Nb5
Be7 9. dxc5 Bxc5 10. h3 O-O 11. O-O a6 12. Nbd4 Ba7 13. Qa4 Bd7 14. Nxc6 Bxc6
15. Qh4 Qd6 16. Nd4 Bd7 17. Bd2 Bb8 18. Nf3 Ne4 19. Bxe4 dxe4 20. Qxe4 Bc6 21.
Qd4 Qc7 22. Bc3 f6 23. Qc4+ Kh8 24. Bb4 Re8 25. Rad1 b5 26. Qc2 Qb7 27. Qe2 Bd5
28. b3 a5 29. Bc3 a4 30. Nh4 axb3 31. axb3 Bxb3 32. Qh5 Bf7 33. Qc5 Rc8 34. Qd4
Be5 35. Qg4 Rxc3 36. Rd7 Rc7 37. Rfd1 Rxd7 38. Rxd7 Ra1+ 39. Rd1 Rxd1+ 40. Qxd1
Qd5 0-1

[Event "15. Bayer Open"]
[Site "Leverkusen"]
[Date "2017.01.09"]
[Round "1.5"]
[White "Auer, Martin"]
[Black "Gülden, Ralf"]
[Result "1-0"]
[WhiteElo "2167"]
[BlackElo "1535"]
[PlyCount "61"]
[EventDate "2017.??.??"]
[WhiteTeam "Bahn-SC Wuppertal"]
[BlackTeam "Königsspringer Leverkusen"]

1. e4 c5 2. Nc3 Nc6 3. Bb5 d6 4. Bxc6+ bxc6 5. d3 Nf6 6. f4 Bg4 7. Nf3 g6 8.
O-O Bg7 9. Qe1 O-O 10. Qh4 Bxf3 11. Rxf3 Nh5 12. g4 Bd4+ 13. Kg2 Ng7 14. Ne2 e6
15. Qh6 f5 16. Rh3 fxg4 17. Qxh7+ Kf7 18. Rh6 Rh8 19. Qxg6+ Kg8 20. Rxh8+ Kxh8
21. c3 Qh4 22. cxd4 Qh3+ 23. Kg1 Qxd3 24. Qxg4 cxd4 25. Ng3 Rf8 26. f5 exf5 27.
Qh4+ Kg8 28. Bh6 Qf3 29. Rf1 Qg4 30. Qxg4 fxg4 31. Rxf8+ 1-0

[Event "15. Bayer Open"]
[Site "Leverkusen"]
[Date "2017.01.09"]
[Round "1.6"]
[White "Gnass, Arno"]
[Black "Negele, Michael"]
[Result "1-0"]
[WhiteElo "1658"]
[BlackElo "2137"]
[PlyCount "67"]
[EventDate "2017.??.??"]
[WhiteTeam "Bergische SF"]
[BlackTeam "SC Bayer Leverkusen"]

1. d4 e6 2. Nf3 Nf6 3. e3 b6 4. b3 Bb4+ 5. c3 Be7 6. Bb2 O-O 7. Bd3 Bb7 8. Nbd2
d6 9. O-O Nbd7 10. Qe2 e5 11. dxe5 dxe5 12. Bc2 Re8 13. Rfd1 Qc8 14. Bf5 g6 15.
Bh3 Ba6 16. c4 Bd6 17. Ng5 Bb7 18. Ngf3 c5 19. Nf1 Bxf3 20. Qxf3 Qc7 21. Bxd7
Nxd7 22. Qd5 Rad8 23. Qxd6 Qc8 24. Qd2 h5 25. Qc2 Nf6 26. Rxd8 Qxd8 27. Rd1 Qa8
28. f4 h4 29. Bxe5 Ng4 30. Rd5 h3 31. gxh3 Nh6 32. Bb2 Kh7 33. Qc3 Rg8 34. Qf6
{Restliche Notation fehlt.} 1-0

[Event "15. Bayer Open"]
[Site "Leverkusen"]
[Date "2017.01.09"]
[Round "1.7"]
[White "Stillger, Bernhard"]
[Black "Elsweiler, Karl-Heinz"]
[Result "1-0"]
[WhiteElo "2240"]
[BlackElo "1574"]
[PlyCount "73"]
[EventDate "2017.??.??"]
[WhiteTeam "Oberhausener SV"]
[BlackTeam "SV Opladen"]

1. Nf3 Nf6 2. g3 d5 3. Bg2 e6 4. c4 c6 5. Qc2 Be7 6. d4 dxc4 7. Qxc4 Nbd7 8.
O-O O-O 9. Rd1 Nb6 10. Qc2 Nbd5 11. a3 Qa5 12. Nbd2 Ng4 13. Nc4 Qc7 14. h3 b5
15. hxg4 bxc4 16. Qxc4 Bd6 17. e4 Nb6 18. Qc2 e5 19. dxe5 Be7 20. g5 Bg4 21.
Bf4 Qb7 22. Rd2 Rad8 23. Nd4 c5 24. Nf5 Rxd2 25. Bxd2 Rd8 26. Bf4 Qd7 27. Ne3
Be6 28. Rd1 Qb5 29. Nd5 Kf8 30. Be3 Qa4 31. b3 Qxa3 32. g6 hxg6 33. Nxe7 Rxd1+
34. Qxd1 Kxe7 35. Qd6+ Ke8 36. Bg5 Nc8 37. Qd8# 1-0

[Event "15. Bayer Open"]
[Site "Leverkusen"]
[Date "2017.01.09"]
[Round "1.8"]
[White "Hoffmann, Michael"]
[Black "Mohaupt, Sascha"]
[Result "0-1"]
[WhiteElo "1682"]
[BlackElo "2145"]
[PlyCount "88"]
[EventDate "2017.??.??"]
[WhiteTeam "SG Neuss"]
[BlackTeam "SV Wermelskirchen"]

1. d4 Nf6 2. c4 Nc6 3. Nf3 e6 4. g3 Bb4+ 5. Bd2 Bxd2+ 6. Qxd2 O-O 7. Bg2 d6 8.
Nc3 Qe7 9. O-O e5 10. d5 Nb8 11. e4 a5 12. Ne1 Na6 13. Nd3 Nd7 14. f4 Nac5 15.
Nxc5 Nxc5 16. f5 f6 17. Nd1 g6 18. Ne3 Bd7 19. Rad1 a4 20. Rf2 Rab8 21. Qc2 b5
22. Bf1 b4 23. Qb1 Qg7 24. Be2 gxf5 25. Nxf5 Bxf5 26. Rxf5 Qh6 27. Rf3 Rf7 28.
Kg2 Rbf8 29. Rdf1 Qd2 30. R1f2 Qd4 31. Bd3 f5 32. Re2 fxe4 33. Rxf7 Rxf7 34.
Bxe4 Qxc4 35. Re1 Qd4 36. Qc2 Nxe4 37. Qxe4 Rf2+ 38. Kh1 Qxe4+ 39. Rxe4 Rxb2
40. Rg4+ Kf7 41. Rh4 Kg6 42. Rc4 a3 43. Kg1 b3 44. axb3 a2 0-1

[Event "15. Bayer Open"]
[Site "Leverkusen"]
[Date "2017.01.09"]
[Round "1.9"]
[White "Peschel, Andreas"]
[Black "Liebsch, Ulrich"]
[Result "1-0"]
[WhiteElo "2157"]
[BlackElo "1687"]
[PlyCount "53"]
[EventDate "2017.??.??"]
[WhiteTeam "SG Solingen"]
[BlackTeam "SC Bayer Leverkusen"]

1. d4 f5 2. h3 Nf6 3. g4 e6 4. Bg2 Be7 5. c4 O-O 6. Nc3 d5 7. gxf5 exf5 8. Nxd5
Nxd5 9. Bxd5+ Kh8 10. Bg2 Nd7 11. Nf3 Bf6 12. Qc2 Nb6 13. d5 Qd6 14. c5 Qxd5
15. cxb6 axb6 16. O-O c6 17. Rd1 Qb5 18. Nd4 Qe5 19. Qb3 b5 20. e3 Ra4 21. Bd2
f4 22. Rac1 Qh5 23. Bb4 Re8 24. exf4 Bxh3 25. Bxh3 Rxb4 26. Qxb4 Qxh3 27. Qc3
1-0

[Event "15. Bayer Open"]
[Site "Leverkusen"]
[Date "2017.01.09"]
[Round "1.10"]
[White "Autiero, Giovanni"]
[Black "Wicht, Juergen"]
[Result "0-1"]
[WhiteElo "1773"]
[BlackElo "2178"]
[PlyCount "100"]
[EventDate "2017.??.??"]
[WhiteTeam "Düsseldorfer SK"]
[BlackTeam "vereinslos"]

1. d4 Nf6 2. c4 g6 3. Nc3 Bg7 4. e4 d6 5. Bd3 e5 6. d5 O-O 7. Nge2 Nbd7 8. O-O
Nc5 9. Bb1 a5 10. h3 c6 11. Bg5 h6 12. Be3 cxd5 13. cxd5 Bd7 14. Qd2 b5 15. Ng3
b4 16. Nce2 Bb5 17. Rc1 Rc8 18. f3 Kh7 19. b3 Qb6 20. Kh2 Qa6 21. Bxc5 Rxc5 22.
Rxc5 dxc5 23. a4 Bd7 24. Bd3 Qd6 25. Rc1 h5 26. Rf1 Bh6 27. Qc2 h4 28. Nh1 Nh5
29. Nf2 Ng3 30. Rd1 f5 31. Nh1 fxe4 32. Bxe4 Bf5 33. Nhxg3 hxg3+ 34. Kxg3 Be3
35. Kh2 Qf6 36. Qd3 Qg5 37. g4 Bxe4 38. Qxe4 Bd4 39. Kg2 Qf6 40. h4 Kg7 41. Rh1
Rh8 42. g5 Qf7 43. Rf1 Rd8 44. f4 Qxd5 45. Qxd5 Rxd5 46. f5 gxf5 47. Rxf5 Rd6
48. Kf3 c4 49. bxc4 b3 50. Ke4 Bb2 {Restliche Notation unleserlich.} 0-1

[Event "15. Bayer Open"]
[Site "Leverkusen"]
[Date "2017.01.09"]
[Round "1.11"]
[White "Schalow, Daniel"]
[Black "Kronseder, Michael"]
[Result "1-0"]
[WhiteElo "2044"]
[BlackElo "1537"]
[PlyCount "53"]
[EventDate "2017.??.??"]
[WhiteTeam "Langenfelder SF"]
[BlackTeam "SV Hürth-Berrenrath"]

1. d4 c5 2. d5 Nf6 3. c4 b5 4. Qc2 bxc4 5. e4 Na6 6. Bxc4 e6 7. Qe2 d6 8. Nc3
Nc7 9. dxe6 Bxe6 10. Nf3 Be7 11. O-O O-O 12. Rd1 Qc8 13. Bg5 Bxc4 14. Qxc4 Qe6
15. Qxe6 fxe6 16. e5 dxe5 17. Nxe5 Nfd5 18. Nxd5 Nxd5 19. Bxe7 Nxe7 20. Rd6 Nd5
21. Rxe6 Rf5 22. Nc6 Raf8 23. f3 R5f7 24. Rc1 Nf4 25. Ne7+ Kh8 26. Re3 Rb8 27.
Rxc5 1-0

[Event "15. Bayer Open"]
[Site "Leverkusen"]
[Date "2017.01.09"]
[Round "1.12"]
[White "Hegmann, Werner"]
[Black "Reinemer, Frank"]
[Result "0-1"]
[WhiteElo "1483"]
[BlackElo "2093"]
[PlyCount "106"]
[EventDate "2017.??.??"]
[WhiteTeam "SV Opladen"]
[BlackTeam "Langenfelder SF"]

1. e4 Nf6 2. Nc3 d5 3. e5 Ne4 4. d4 Nxc3 5. bxc3 c5 6. Bb5+ Nc6 7. Bxc6+ bxc6
8. Ne2 Ba6 9. O-O e6 10. f4 Qa5 11. Bd2 Qa4 12. Be3 Be7 13. Qd2 O-O 14. Rfb1
Rfb8 15. Nc1 cxd4 16. cxd4 Qc4 17. Qd3 Qa4 18. Qd2 Rb6 19. Rxb6 axb6 20. Nb3
Qc4 21. c3 Bb5 22. Qc2 Ra3 23. h3 g6 24. Kh2 Bb4 25. Bd2 Bf8 26. Be3 Be7 27. g3
Bb4 28. Rc1 Be7 29. Kg2 Qa4 30. Nd2 Rxa2 31. Qxa4 Bxa4 32. Kf3 Rc2 33. Rxc2
Bxc2 34. h4 Ba3 35. Nf1 Bd3 36. Kf2 Bb2 37. Bd2 Bxf1 38. Kxf1 b5 39. Ke1 b4 40.
cxb4 Bxd4 41. Ke2 h5 42. Be1 Kf8 43. Kd3 Bg1 44. Ke2 Ke8 45. Kf3 Kd7 46. g4 Bd4
47. gxh5 gxh5 48. Bf2 Bxf2 49. Kxf2 Kc7 50. Ke3 Kb6 51. f5 Kb5 52. Kf4 d4 53.
f6 Kc4 0-1

[Event "15. Bayer Open"]
[Site "Leverkusen"]
[Date "2017.01.09"]
[Round "1.13"]
[White "Heller, Achim"]
[Black "Skiber, Friedel"]
[Result "1-0"]
[WhiteElo "2055"]
[BlackElo "1557"]
[PlyCount "65"]
[EventDate "2017.??.??"]
[WhiteTeam "SG Ennepe-Ruhr-Süd"]
[BlackTeam "SG Solingen"]

1. d4 g6 2. c4 Bg7 3. e4 d6 4. f4 Nf6 5. Nc3 O-O 6. Nf3 Bg4 7. h3 Bxf3 8. Qxf3
Nbd7 9. e5 dxe5 10. dxe5 Ne8 11. Be3 c6 12. Rd1 Qc7 13. Bd3 b6 14. O-O e6 15.
Bc2 f6 16. exf6 Nexf6 17. g4 Rae8 18. Ba4 Nb8 19. Bd4 Re7 20. Be5 Qb7 21. Bd6
e5 22. Bxe7 Qxe7 23. Qe3 Nfd7 24. Bc2 Qb4 25. f5 Nf6 26. fxg6 Nbd7 27. gxh7+
Kh8 28. g5 Nh5 29. Rxd7 Rxf1+ 30. Kxf1 Qf8+ 31. Ke1 Nf4 32. Qd2 Ne6 33. Qd6 1-0

[Event "15. Bayer Open"]
[Site "Leverkusen"]
[Date "2017.01.09"]
[Round "1.14"]
[White "Humeniuk, Andreas"]
[Black "Esser, Michael"]
[Result "0-1"]
[WhiteElo "1734"]
[BlackElo "1993"]
[PlyCount "114"]
[EventDate "2017.??.??"]
[WhiteTeam "SF Köln-Mülheim"]
[BlackTeam "SC Bayer Leverkusen"]

1. d4 Nf6 2. c4 c5 3. d5 b5 4. cxb5 a6 5. b6 g6 6. Nc3 d6 7. e4 Bg7 8. Nf3 O-O
9. Bd3 Qxb6 10. O-O a5 11. a3 Ba6 12. Qe2 Bxd3 13. Qxd3 Nbd7 14. Rb1 Rfb8 15.
Bg5 Qa6 16. Qc2 Ng4 17. Bf4 Rb7 18. h3 Nge5 19. Bxe5 Nxe5 20. Nxe5 Bxe5 21. f4
Bd4+ 22. Kh1 Qc4 23. Rfe1 Rab8 24. Qa4 Qxa4 25. Nxa4 Bxb2 26. Nxb2 Rxb2 27.
Rxb2 Rxb2 28. e5 Rd2 29. exd6 exd6 30. Re8+ Kg7 31. Ra8 Rxd5 32. Rxa5 Rd4 33.
Ra6 Kf6 34. a4 Ke6 35. g3 Rd2 36. a5 Ra2 37. Kg1 h5 38. Kf1 c4 39. Ke1 Kd5 40.
Ra8 Kd4 41. a6 d5 42. a7 c3 43. g4 hxg4 44. hxg4 Kd3 45. Rd8 Ra1+ 46. Kf2 Rxa7
47. Rxd5+ Kc2 48. f5 gxf5 49. gxf5 Kb1 50. Rb5+ Kc1 51. Ke2 c2 52. Rb6 Re7+ 53.
Kf2 Re5 54. Rf6 Kb2 55. Rb6+ Kc3 56. Rc6+ Kb3 57. Rb6+ Kc4 0-1

[Event "15. Bayer Open"]
[Site "Leverkusen"]
[Date "2017.01.09"]
[Round "1.15"]
[White "Ljuboschiz, Alexander"]
[Black "Elshani, Shaip"]
[Result "1-0"]
[WhiteElo "1991"]
[BlackElo "1552"]
[PlyCount "49"]
[EventDate "2017.??.??"]
[WhiteTeam "SC Tornado Hochneukirch"]
[BlackTeam "SC Bayer Leverkusen"]

1. e4 e5 2. Nf3 Nf6 3. Nxe5 Qe7 4. Nf3 Nxe4 5. Be2 Qd6 6. O-O Be7 7. d4 O-O 8.
Re1 b6 9. Bd3 Nf6 10. Nc3 c6 11. Bg5 Bd8 12. Bh4 Qc7 13. Bg3 d6 14. Ne4 Nxe4
15. Bxe4 Bg4 16. h3 Bxf3 17. Qxf3 Bf6 18. Qf5 Rd8 19. Qxh7+ Kf8 20. Qh8+ Ke7
21. Bf5+ Be5 22. Qxg7 Rf8 23. dxe5 d5 24. e6 Qb7 25. exf7+ 1-0

[Event "15. Bayer Open"]
[Site "Leverkusen"]
[Date "2017.01.09"]
[Round "1.16"]
[White "Milz, Ulrich"]
[Black "Kesseler, Heiko"]
[Result "0-1"]
[WhiteElo "1458"]
[BlackElo "2099"]
[PlyCount "104"]
[EventDate "2017.??.??"]
[WhiteTeam "SC Bayer Leverkusen"]
[BlackTeam "Düsseldorfer SK"]

1. e4 c5 2. Bc4 e6 3. a3 Nc6 4. Nf3 a6 5. O-O b5 6. Ba2 Qc7 7. d4 cxd4 8. Nxd4
Bb7 9. Nxc6 Bxc6 10. Nc3 Nf6 11. Re1 Bd6 12. h3 O-O 13. Bg5 Be5 14. Bxf6 Bxf6
15. Qd3 Rac8 16. Re3 Be5 17. g3 Bd6 18. b4 Be5 19. Rd1 Bb7 20. Ne2 Qxc2 21.
Qxd7 Bc6 22. Qd2 Bxe4 23. Bb3 Qc6 24. Rc1 Qb7 25. Nc3 Bxc3 26. Rexc3 Rxc3 27.
Rxc3 Bh1 28. f4 Be4 29. Bc2 Qb6+ 30. Rc5 Rd8 31. Qc3 Bxc2 32. Qxc2 h6 33. Kh2
Qb7 34. h4 Qd7 35. Rc6 Qb7 36. a4 bxa4 37. Qxa4 Rd2+ 38. Kh3 h5 39. Qxa6 Qxb4
40. Qc8+ Kh7 41. Rc2 Rd5 42. Ra2 Qe4 43. Qc2 Rd3 44. Qe2 Qh1+ 45. Qh2 Qf3 46.
Rf2 Qg4+ 47. Kg2 Rd1 48. Rf3 Ra1 49. Rf2 f6 50. Rd2 e5 51. Qh3 Rg1+ 52. Kh2
Rh1+ 0-1

[Event "15. Bayer Open"]
[Site "Leverkusen"]
[Date "2017.01.09"]
[Round "1.17"]
[White "Bär, Marco"]
[Black "Stuch, Hans-Ferdinand"]
[Result "1-0"]
[WhiteElo "2101"]
[BlackElo "1570"]
[PlyCount "29"]
[EventDate "2017.??.??"]
[WhiteTeam "SC Bayer Leverkusen"]
[BlackTeam "SC Bonn Beuel"]

1. d4 d5 2. Nc3 Nf6 3. Bg5 c6 4. e3 Bg4 5. f3 Bf5 6. Bd3 Bxd3 7. Qxd3 Nbd7 8.
e4 dxe4 9. fxe4 Qa5 10. Bd2 Qh5 11. Nge2 e5 12. O-O-O exd4 13. Nxd4 O-O-O 14.
Nxc6 bxc6 15. Qa6+ 1-0

[Event "15. Bayer Open"]
[Site "Leverkusen"]
[Date "2017.01.09"]
[Round "1.18"]
[White "Rist, Kurt"]
[Black "Lindam, Ingo"]
[Result "0-1"]
[WhiteElo "1503"]
[BlackElo "2071"]
[PlyCount "56"]
[EventDate "2017.??.??"]
[WhiteTeam "SG Solingen"]
[BlackTeam "Kölner SK Dr. Lasker"]

1. e4 c5 2. Nf3 e6 3. b4 cxb4 4. a3 d5 5. Bb5+ Nc6 6. e5 Bd7 7. O-O Nxe5 8. Be2
Nxf3+ 9. Bxf3 bxa3 10. Nxa3 Nf6 11. Bb2 Be7 12. c4 Bc6 13. Re1 O-O 14. d3 Re8
15. Qd2 a5 16. Red1 d4 17. Qf4 e5 18. Qg3 Bd6 19. Bxc6 bxc6 20. Qf3 Rb8 21.
Rab1 Rxb2 22. Rxb2 Bxa3 23. Rb7 Qc8 24. Rb6 e4 25. dxe4 Bc5 26. Rbb1 Nxe4 27.
Rd3 Nc3 28. Rf1 a4 0-1

[Event "15. Bayer Open"]
[Site "Leverkusen"]
[Date "2017.01.09"]
[Round "1.19"]
[White "Neubauer, Jürgen"]
[Black "Paul, André David"]
[Result "1-0"]
[WhiteElo "1981"]
[BlackElo "1544"]
[PlyCount "79"]
[EventDate "2017.??.??"]
[WhiteTeam "SK Turm Euskirchen"]
[BlackTeam "Kölner SK Dr. Lasker"]

1. e4 e6 2. Nf3 d5 3. e5 c5 4. b4 b6 5. bxc5 bxc5 6. c3 Qa5 7. Be2 Ba6 8. O-O
Nc6 9. d4 c4 10. Qc2 Nge7 11. Nh4 Ng6 12. Nxg6 hxg6 13. f4 Rb8 14. g4 Qd8 15.
g5 Qa5 16. Bg4 Ne7 17. Nd2 Bb5 18. a4 Bd7 19. Ba3 Nc6 20. Bxf8 Kxf8 21. Rfb1
Ke7 22. Kg2 Qc7 23. Bd1 Rxb1 24. Rxb1 Rb8 25. Qa2 Rxb1 26. Nxb1 Kd8 27. Qa3 Ne7
28. Bc2 Ke8 29. h4 Qb6 30. Kf3 Nc8 31. a5 Qb5 32. Kg4 a6 33. h5 gxh5+ 34. Kxh5
g6+ 35. Kh6 Ne7 36. Kg7 Qc6 37. Nd2 Qb5 38. Nf3 Qc6 39. Nh2 Qc8 40. Ng4 1-0

[Event "15. Bayer Open"]
[Site "Leverkusen"]
[Date "2017.01.09"]
[Round "1.20"]
[White "Becker, Johann"]
[Black "ter Steeg, Marcus"]
[Result "0-1"]
[WhiteElo "1551"]
[BlackElo "2074"]
[PlyCount "84"]
[EventDate "2017.??.??"]
[WhiteTeam "TV Witzhelden"]
[BlackTeam "SF Essen-Werden"]

1. e4 c5 2. Nf3 e6 3. Nc3 a6 4. d4 cxd4 5. Nxd4 Qc7 6. a3 Nf6 7. g3 Nc6 8. Be3
Be7 9. Bg2 O-O 10. O-O d6 11. Nb3 Ne5 12. Nd2 Neg4 13. Bf4 e5 14. Bg5 h6 15.
Bxf6 Nxf6 16. Nd5 Nxd5 17. exd5 Bd7 18. Re1 f5 19. f4 Bf6 20. fxe5 Bxe5 21. c3
Qb6+ 22. Kh1 Rac8 23. Qb3 Qxb3 24. Nxb3 f4 25. gxf4 Rxf4 26. Rf1 Rh4 27. Nd4
Bxd4 28. cxd4 Rxd4 29. Rf2 Rdc4 30. h3 Rc1+ 31. Rxc1 Rxc1+ 32. Kh2 Bb5 33. Kg3
Bd3 34. Rd2 Bg6 35. Kf4 Rc2 36. Rxc2 Bxc2 37. h4 Kf7 38. Bh3 b6 39. Bf5 Bxf5
40. Kxf5 g6+ 41. Kf4 Kf6 42. Ke4 g5 0-1

[Event "15. Bayer Open"]
[Site "Leverkusen"]
[Date "2017.01.09"]
[Round "1.21"]
[White "Wille, Thomas"]
[Black "Ipekyilmaz, Tayfun"]
[Result "1-0"]
[WhiteElo "2013"]
[BlackElo "1645"]
[PlyCount "139"]
[EventDate "2017.??.??"]
[WhiteTeam "Velberter SG"]
[BlackTeam "Langenfelder SF"]

1. c4 Nf6 2. g3 d5 3. cxd5 Nxd5 4. Bg2 c6 5. Nc3 Nxc3 6. bxc3 e6 7. Nf3 Nd7 8.
O-O Bc5 9. d4 Be7 10. Qb3 Qa5 11. e4 Nf6 12. Ne5 O-O 13. Rd1 Ne8 14. a4 Bd6 15.
Nc4 Qh5 16. Nxd6 Nxd6 17. Bf4 Ne8 18. c4 g5 19. Bd2 Nf6 20. e5 Nd7 21. Qe3 g4
22. a5 c5 23. Qh6 Qg6 24. Re1 f5 25. Qxg6+ hxg6 26. d5 Rd8 27. a6 Rb8 28. axb7
Bxb7 29. Rxa7 exd5 30. e6 Nf6 31. Bf4 Bc6 32. Bxb8 Rxb8 33. Rc7 Ba8 34. cxd5
Bxd5 35. Rxc5 Bxg2 36. Kxg2 Ne4 37. Rxe4 fxe4 38. Re5 e3 39. Rxe3 Re8 40. Re4
Kg7 41. Rxg4 Rxe6 42. h4 Kh6 43. Rg5 Rf6 44. g4 Rf4 45. Kg3 Ra4 46. Rb5 Ra3+
47. f3 Ra1 48. h5 g5 49. Rb6+ Kh7 50. Rg6 Ra5 51. Rf6 Ra2 52. Rd6 Ra4 53. Kf2
Ra3 54. Ke2 Ra1 55. Ke3 Ra4 56. Rd4 Ra8 57. Rd7+ Kh6 58. Rd6+ Kh7 59. Ke4 Rf8
60. Rg6 Re8+ 61. Kf5 Re3 62. Kxg5 Rxf3 63. Rf6 Ra3 64. Rf7+ Kg8 65. Kg6 Ra4 66.
g5 Ra6+ 67. Rf6 Ra7 68. h6 Re7 69. h7+ Rxh7 70. Rf8+ 1-0

[Event "15. Bayer Open"]
[Site "Leverkusen"]
[Date "2017.01.09"]
[Round "1.22"]
[White "Antar Badal, Azadi"]
[Black "Gülsen, Taylan"]
[Result "1-0"]
[WhiteElo "1683"]
[BlackElo "2040"]
[PlyCount "85"]
[EventDate "2017.??.??"]
[WhiteTeam "Königsspringer Leverkusen"]
[BlackTeam "SG Niederkassel"]

1. e4 d6 2. Nf3 e5 3. h3 Nf6 4. Nc3 Be7 5. Bc4 h6 6. d4 Nbd7 7. Be3 c6 8. Qd2
b5 9. Bd3 b4 10. Ne2 a5 11. a3 bxa3 12. bxa3 Qc7 13. Ng3 Nf8 14. O-O g5 15. a4
Ng6 16. Rab1 g4 17. hxg4 Nxg4 18. Nf5 Nxe3 19. fxe3 Bg5 20. dxe5 Nxe5 21. Nxe5
dxe5 22. Bc4 Bxf5 23. Rxf5 f6 24. Qc3 Rd8 25. Rff1 Qa7 26. Rb3 Rh7 27. Rfb1
Rhd7 28. Be2 Rd6 29. Kf2 Qg7 30. Rg1 Qg6 31. Bd3 Qh5 32. Rbb1 Qh4+ 33. Kf3 h5
34. g3 Qg4+ 35. Kf2 h4 36. Qc4 hxg3+ 37. Ke1 Bxe3 38. Rb7 Bf2+ 39. Kd2 Qe6 40.
Rh1 Rxd3+ 41. cxd3 Rxd3+ 42. Kxd3 Qd6+ 43. Kc2 1-0

[Event "15. Bayer Open"]
[Site "Leverkusen"]
[Date "2017.01.09"]
[Round "1.23"]
[White "Kies, Werner"]
[Black "Rudolph, Eva"]
[Result "0-1"]
[WhiteElo "1862"]
[BlackElo "1680"]
[PlyCount "58"]
[EventDate "2017.??.??"]
[WhiteTeam "SC Bayer Leverkusen"]
[BlackTeam "Düsseldorfer SK"]

1. e4 e5 2. f4 d5 3. exd5 exf4 4. Nf3 Nf6 5. Bb5+ Bd7 6. Qe2+ Be7 7. Nc3 O-O 8.
d4 Re8 9. O-O Bb4 10. Qc4 Bxc3 11. bxc3 Bxb5 12. Qxb5 Qxd5 13. c4 Qxb5 14. cxb5
Nd5 15. Ne5 f6 16. Nd3 Ne3 17. Rf2 g5 18. Bb2 c6 19. a4 Nd7 20. bxc6 bxc6 21.
a5 Rac8 22. Ba3 Nf5 23. c3 Re3 24. Rd1 Rb8 25. Bb4 Ne7 26. Rf3 Nd5 27. Kf2 Rbe8
28. Rxe3 fxe3+ 29. Kf3 e2 0-1

[Event "15. Bayer Open"]
[Site "Leverkusen"]
[Date "2017.01.09"]
[Round "1.24"]
[White "Dörper, Georg"]
[Black "Werbeck, Torsten"]
[Result "0-1"]
[WhiteElo "1344"]
[BlackElo "2051"]
[PlyCount "36"]
[EventDate "2017.??.??"]
[WhiteTeam "SF Düsseldorf-Süd"]
[BlackTeam "Bahn-SC Wuppertal"]

1. d4 Nf6 2. Nf3 g6 3. c4 c5 4. d5 b5 5. e3 bxc4 6. Bxc4 Bg7 7. Nc3 O-O 8. O-O
d6 9. h3 Ba6 10. Qd3 Qb6 11. Rb1 Bxc4 12. Qxc4 Nbd7 13. Rd1 Rfb8 14. Qe2 Ne8
15. Bd2 Nc7 16. e4 Nb5 17. Bf4 Bxc3 18. bxc3 Nxc3 0-1

[Event "15. Bayer Open"]
[Site "Leverkusen"]
[Date "2017.01.09"]
[Round "1.25"]
[White "Maric, Boris"]
[Black "Klees, Robert"]
[Result "1-0"]
[WhiteElo "2033"]
[BlackElo "1343"]
[PlyCount "41"]
[EventDate "2017.??.??"]
[WhiteTeam "SV Grünfeld"]
[BlackTeam "SF Düsseldorf-Süd"]

1. c4 e5 2. g3 Nf6 3. Bg2 c6 4. d4 Bb4+ 5. Bd2 Bxd2+ 6. Qxd2 e4 7. Nc3 d5 8. f3
Bf5 9. Qf4 Qc8 10. fxe4 dxe4 11. Nxe4 Nxe4 12. Bxe4 Bg4 13. h3 Be6 14. d5 Bd7
15. Qe5+ Kf8 16. Nf3 f6 17. Qd6+ Kf7 18. O-O Re8 19. Bxh7 Re7 20. Ng5+ Ke8 21.
Bg6+ 1-0

[Event "15. Bayer Open"]
[Site "Leverkusen"]
[Date "2017.01.09"]
[Round "1.26"]
[White "Multhauf, Stefan"]
[Black "Arlt, Klaus"]
[Result "1/2-1/2"]
[WhiteElo "1661"]
[BlackElo "1997"]
[PlyCount "37"]
[EventDate "2017.??.??"]
[WhiteTeam "Königsspringer Leverkusen"]
[BlackTeam "Ford SF Köln"]

1. d4 d5 2. Bf4 Nf6 3. e3 c6 4. Nd2 Bf5 5. c3 e6 6. Ngf3 Nbd7 7. h3 h6 8. Ne5
Be7 9. Qb3 Qb6 10. Nxd7 Nxd7 11. O-O-O O-O 12. g4 Bg6 13. h4 c5 14. Qxb6 axb6
15. a3 c4 16. Bg2 Bxa3 17. bxa3 Rxa3 18. Kb2 Ra5 19. Ra1 1/2-1/2